000 00773nam a2200241Ia 4500
003 OSt
005 20220923221402.0
006 a|||||r|||| 00| 0
007 ta
008 220922b |||||||| |||| 00| 0 hin d
024 _a197,480
037 _cTextual
040 _aARTS
_cARTS
_bhin
041 _2hin
_ahin
082 _aO152,8x, N3
100 _aतिवारी, बालेन्दु शेखर, संपा.
245 0 _aफिल्मावलोकन
246 _aFilmāvalokana
260 _aदिल्ली
_b राज पब्लि0 हा0
_c1993
300 _a102पृ.
_ccm.
942 _hO152,8x, N3
_cTEXL
_2CC
999 _c349351
_d349351